logo

Bir Sreshtho Munshi Abdur Rouf Library
Jhenaidah Cadet College

Through golden windows : (Record no. 1806)

MARC details
000 -LEADER
fixed length control field 01065cam a22002651 4500
001 - CONTROL NUMBER
JCCL Control Number 1806
003 - CONTROL NUMBER IDENTIFIER
JCCL marc code BD-JhCC
005 - DATE AND TIME OF LATEST TRANSACTION
control field 20190418134017.0
008 - FIXED-LENGTH DATA ELEMENTS--GENERAL INFORMATION
fixed length control field 750624s1958 xx 000 0 eng
035 ## - SYSTEM CONTROL NUMBER
system control number (BD-JhCC)1806
035 ## - SYSTEM CONTROL NUMBER
system control number (OCoLC)1406666
040 ## - CATALOGING SOURCE
Original cataloging agency DLC
Transcribing agency FJ
Modifying agency DLC
041 ## - LANGUAGE CODE
Language code of Book eng
050 00 - LIBRARY OF CONGRESS CALL NUMBER
Classification number PZ5.H134
Item number Th
082 ## - DEWEY DECIMAL CLASSIFICATION NUMBER
Classification number 808.8
Author mark and Year HAL 1958
100 1# - MAIN ENTRY--PERSONAL NAME
Personal name Hale, Jeanne,
245 10 - TITLE STATEMENT
Title Through golden windows :
Remainder of title Stories of Early America /
Statement of responsibility, etc Edited by Nora Beust [and] others, Editor-in-chief: Jeanne Hale, assistant editor: Muriel Johnston.
260 ## - PUBLICATION, DISTRIBUTION, ETC. (IMPRINT)
Place of publication, distribution, etc Eau Claire, Wis.,
Name of publisher, distributor, etc E.M. Hale
Date of publication, distribution, etc [1958]
300 ## - PHYSICAL DESCRIPTION
Pagination 10 v.
Other physical details illus.
Dimensions 24 cm.
500 ## - GENERAL NOTE
General note Verse and prose.
505 0# - FORMATTED CONTENTS NOTE
Formatted contents note [1] Mostly magic--[2] Fun and fantasy.--[3] Wonderful things happen.--[4] Adventures here and there.--[5] Good times together.--[6] Children everywhere.--[7] Stories of early America.--[8] American backgrounds.--[9] Wide, wonderful world.--[10] Men and his world.
650 #0 - SUBJECT ADDED ENTRY--TOPICAL TERM
Topical term or geographic name as entry element Children's literature.
700 1# - ADDED ENTRY--PERSONAL NAME
Personal name Reust, Nora, Eruestine,
Dates associated with a name 1888-
942 ## - ADDED ENTRY ELEMENTS (KOHA)
Source of classification or shelving scheme Dewey Decimal Classification
Koha item type Books
Koha issues (borrowed), all copies 1
Holdings
Source of classification or shelving scheme Damaged status Not for loan Home library Current library Shelving location Date of accession Total Checkouts Full call number Barcode Date last seen Copy number Koha item type Date checked out Method of acquisition Currency
Dewey Decimal Classification     JCC Rouf Library JCC Rouf Library General Stacks 10/24/2017   808.8 HAL 1958 3039 10/24/2017 C-1 Books      
Dewey Decimal Classification     JCC Rouf Library JCC Rouf Library General Stacks 10/25/2017   808.8 HAL 1958 2683 10/25/2017 C-2 Books      
Dewey Decimal Classification     JCC Rouf Library JCC Rouf Library General Stacks 11/25/2017 1 808.8 HAL 1958 5775 06/19/2019 C- 3 Books 04/17/2019    
Dewey Decimal Classification     JCC Rouf Library JCC Rouf Library General Stacks 11/26/2017   808.8 HAL 1958 5745 11/26/2017 C-4 Books      
Dewey Decimal Classification     JCC Rouf Library JCC Rouf Library General Stacks 12/04/2017   808.8 HAL 1958 5981 12/04/2017 C- 5 Books   Purchase  
Dewey Decimal Classification     JCC Rouf Library JCC Rouf Library General Stacks     808.8 HAL 1958 9916 02/11/2018 C-6 Books      
Dewey Decimal Classification     JCC Rouf Library JCC Rouf Library General Stacks 03/27/2018   808.8 HAL 1958 13058 03/27/2018 C-7 Books      

JCC Library | Contacts | JCC Home

Last Update on 23 September 2017
Copyright @ 2017-2020 JCC Rouf Library
Rouf Library, Jhenidah Cadet College (JCC), Bangladesh